Capitals of Central Europe - Statistics

General Stats
  • This quiz has been taken 42 times
  • The average score is 7 of 9
Answer Stats
Country Capital % Correct
Germany Berlin
94%
Austria Vienna
94%
Poland Warsaw
88%
Switzerland Bern
81%
Hungary Budapest
81%
Czech Republic Prague
81%
Lichtenstein Vaduz
69%
Slovakia Bratislava
63%
Slovenia Ljubljana
56%
No matching quizzes found
Score Distribution
Percent of People with Each Score
Percentile by Number Answered
Your Score History
You have not taken this quiz